Catálogo público

Caldo bordeles (Record no. 201120)

MARC details
000 -CABECERA
campo de control de longitud fija 00750nam a2200253Ia 4500
001 - NÚMERO DE CONTROL
campo de control Para_2626
003 - IDENTIFICADOR DEL NÚMERO DE CONTROL
campo de control CHAP
008 - DATOS DE LONGITUD FIJA--INFORMACIÓN GENERAL
campo de control de longitud fija 220125s1999 xx 000 0 und d
010 ## - NÚMERO DE CONTROL DE LA BIBLIOTECA DEL CONGRESO
Número de control de LC 201120
040 ## - FUENTE DE LA CATALOGACIÓN
Centro/agencia transcriptor CHAP
082 ## - NÚMERO DE LA CLASIFICACIÓN DECIMAL DEWEY
Número de clasificación PA-C 632.93 M49
245 ## - MENCIÓN DE TÍTULO
Título Caldo bordeles
260 ## - PUBLICACIÓN, DISTRIBUCIÓN, ETC.
Lugar de publicación, distribución, etc. -s.l.- :
Nombre del editor, distribuidor, etc. -s.n.-
300 ## - DESCRIPCIÓN FÍSICA
Extensión 1 h.
500 ## - NOTA GENERAL
Nota general Encuadernado con: La propagación de la plaga conocida con el nombre de escama roja / México. Dirección General de Agricultura.
650 ## - PUNTO DE ACCESO ADICIONAL DE MATERIA--TÉRMINO DE MATERIA
Término de materia o nombre geográfico como elemento de entrada Sanidad Vegetal
Subdivisión general Colecciones de escritos Mezcla bordeaux
9 (RLIN) 165984
901 ## - ELEMENTOS DE DATOS A LOCAL LDA (RLIN)
a PA-C 632.93 M49
902 ## - ELEMENTOS DE DATOS B LOCAL, LDB (RLIN)
a A
905 ## - ELEMENTOS DE DATOS E LOCAL, LDE (RLIN)
a 000000-19--- -SL 0000000000 00
910 ## - DATOS DE OPCIÓN DEL USUARIO (OCLC)
Datos de opción del usuario -19-
942 ## - ELEMENTOS DE PUNTO DE ACCESO ADICIONAL (KOHA)
Tipo de ítem Koha Parasitologia_
942 ## - ELEMENTOS DE PUNTO DE ACCESO ADICIONAL (KOHA)
Tipo de ítem Koha Parasitologia_
-- 1
Holdings
Estado de retiro Estado de pérdida Fuente del sistema de clasificación o colocación Estado dañado Restricciones de uso No para préstamo Código de colección Localización permanente Ubicación/localización actual Ubicación en estantería Fecha de adquisición Información codificada de la localización en otra ubicación Total de préstamos Código de barras Fecha visto por última vez Precio válido a partir de Tipo de ítem Koha Nota pública
    Dewey Decimal Classification   Préstamo interno   Consulta Parasitologia Agricola Parasitologia Agricola   27/10/2005 PARA   PA_202-2 25/01/2022 25/01/2022 Libro 3